000
00305nam a2200133Ia 4500
005
20251222144840.0
008
251222s9999||||xx |||||||||||||| ||spa||
020
_a
978-9972-825-46-0
082
_a
274/L85/T.II
100
_a
Lombardo, Pedro
245
0
_a
Sentencias
264
_b
San Pablo
942
_c
LIB
999
_c
21210
_d
21210